| 000 | 00445nam a22001817a 4500 | ||
|---|---|---|---|
| 005 | 20230118120406.0 | ||
| 008 | 200518b xxu||||| |||| 00| 0 eng d | ||
| 020 | _a9789384875213 | ||
| 041 | _aeng | ||
| 082 | _a616.15 DAH | ||
| 100 |
_aSingh Dahiva Randhir _95534 |
||
| 245 | _aPathophysiology | ||
| 250 | _a1'st | ||
| 260 |
_aModinagar (UP) _bUnnati Publication _c2018 |
||
| 300 | _a350 | ||
| 650 |
_aPharmacy _xD.PHARMA _97090 |
||
| 942 | _cBK | ||
| 999 |
_c6286 _d6284 |
||